World's Largest Airlines Quiz Stats

Quiz not verified by Sporcle

Challenge
Share
Tweet
Embed
Score 0/10 Timer 05:00
0 Plays Today
# Airline % Correct
2American Airlines
93.3%
3Delta Airlines
86.9%
4United Airlines
84.9%
1Southwest Airlines
71.2%
9Air France
70.6%
8Lufthansa
66.7%
7US Airways
50.4%
10Northwest Airlines
39%
6Ryanair
37.6%
5China Southern Airlines
26.3%

You're not logged in!

Compare scores with friends on all Sporcle quizzes.
Join for Free
OR
Log In

You Might Also Like...

Show Comments

Extras

Top Quizzes Today


Score Distribution

Your Account Isn't Verified!

In order to create a playlist on Sporcle, you need to verify the email address you used during registration. Go to your Sporcle Settings to finish the process.

Report this User

Report this user for behavior that violates our Community Guidelines.

Details: